Czechoslovak agriculture in an open economy.

Program ekonomickej reformy v ČSFR predpokladá, že čs. poľnohospodárstvo bude sektorom otvoreným pre vývoz i dovoz. Skúmanie východiskového stavu čs. poľnohospodársko-potravinárskeho komplexu a budúce možnosti pripojenia ČSFR k ES. Charakteristika špecifických čęt čs. poľnohospodársko-potravinárskeh...

Ausführliche Beschreibung

Gespeichert in:
Bibliographische Detailangaben
1. Verfasser: Kraus, Josef
Format: Buchkapitel
Sprache:Englisch
Schlagworte:
Tags: Tag hinzufügen
Keine Tags, Fügen Sie das erste Tag hinzu!

MARC

LEADER 00000naa a2200000 4500
001 r006741
005 20221125080912.4
041 0 |a eng 
044 |a [CS] 
245 1 0 |a Czechoslovak agriculture in an open economy.  |c J. Kraus 
520 |a Program ekonomickej reformy v ČSFR predpokladá, že čs. poľnohospodárstvo bude sektorom otvoreným pre vývoz i dovoz. Skúmanie východiskového stavu čs. poľnohospodársko-potravinárskeho komplexu a budúce možnosti pripojenia ČSFR k ES. Charakteristika špecifických čęt čs. poľnohospodársko-potravinárskeho komplexu a prebiehajúcich reforiem v ňom. Vzťah tohto komplexu k GATT. Základné priority čs. agrárneho programu. 
610 2 0 |a poľnohospodárstvo 
610 2 0 |a ČSFR 
610 2 0 |a dovoz 
610 2 0 |a vývoz 
610 2 0 |a komplex poľnohospodársko-potravinársky 
610 2 0 |a GATT 
610 2 0 |a reformy hospodárske 
100 1 |a Kraus, Josef